000
00254nam a2200121Ia 4500
082
_a
615.34
_b
P14Q
100
_a
QADRY, J.S.
245
2
_a
A TB OF PHARMACOGNOSY
260
_b
CBS- DELHI
300
_a
406
650
_a
PHARMACOGNOSY
942
_2
ddc
_c
BK
_0
11
999
_c
7124
_d
7124